000
00334nam a2200133Ia 4500
008
240624s9999 xx 000 0 und d
041
_a
eng
082
_a
823 DAH
100
_a
DAHL ROALD
245
_a
CHARLIE AND THE CHOCOLATE FACTORY
260
_c
2014
_a
New Delhi
_b
Puffin Books
300
_a
179 : p. : cm. ; 19
365
_c
RS
_b
25
999
_c
23817
_d
23817